000 00526nam a2200169Ia 4500
003 LDD
008 190117s9999 xx 000 0 und d
020 _c₹60
040 _cLDD
041 _ahi
082 _a070.449143 ग39206
100 _aशंभुनाथ
245 0 _aगणेश शंकर विद्यार्थी और हिन्दी पत्रकारिता
_cशंभुनाथ
260 _aनई दिल्ली
_bवाणी
_c1991
300 _a220पृ.
942 _2ddc
_cH
999 _c170342
_d170342